Behind a thousand names: talks on the great Nirvana Upanishad

Saved in:  
Bibliographic Details
Main Author: Osho 1931-1990 (Author)
Format: Print Book
Language:English
Subito Delivery Service: Order now.
Check availability: HBZ Gateway
WorldCat: WorldCat
Interlibrary Loan:Interlibrary Loan for the Fachinformationsdienste (Specialized Information Services in Germany)
Published: Pune, India Rebel Pub. House 1996
In:Year: 1996
Edition:1. ed.
Standardized Subjects / Keyword chains:B Nirvaṇa-upaniṣad

MARC

LEADER 00000cam a2200000 c 4500
001 160834259X
003 DE-627
005 20251225193347.0
007 tu
008 000131s1996 xx ||||| 00| ||eng c
010 |a  98100803  
020 |a 8172610157  |9 81-7261-015-7 
035 |a (DE-627)160834259X 
035 |a (DE-576)083042385 
035 |a (DE-599)BSZ083042385 
035 |a (OCoLC)39180936 
040 |a DE-627  |b ger  |c DE-627  |e rakwb 
041 |a eng 
082 0 |a 299.93 
084 |a 0  |2 ssgn 
100 0 |0 (DE-588)118510568  |0 (DE-627)079314171  |0 (DE-576)162651287  |4 aut  |a Osho  |d 1931-1990 
109 |a Rajaneesh, Bhagwan S. 1931-1990  |a Rajaneesha Ācārya 1931-1990  |a Rajneesh, Osho 1931-1990  |a Rajanīśa Bhagvan 1931-1990  |a Rajaniśa Bhagavan 1931-1990  |a Rajanīśa Bhagavāna 1931-1990  |a Bhagwan Shree Rajneesh 1931-1990  |a Jain, Mohan Chandra 1931-1990  |a Jain, Chandra Mohan 1931-1990  |a Rajanīśa Bhagavan 1931-1990  |a Rajneesh, Mohan Chandra 1931-1990  |a Bhagwan, Rajneesh 1931-1990  |a Rajneesh, Acharya 1931-1990  |a Rajneesh Shree 1931-1990  |a Rajineesh Bhagwan 1931-1990  |a Rajneesh 1931-1990  |a Rajanīśa Ācārya 1931-1990  |a Osho 1931-1990  |a Rajneesh, Bhagwan Shree 1931-1990  |a Rajneesh Osho 1931-1990  |a Bhagwan 1931-1990  |a Rajneesh Bhagwan 1931-1990  |a Rajŭnishwi 1931-1990  |a Rajneesh Acharya 1931-1990  |a Rajanīśa Acharya 1931-1990  |a Rajneesh Bhagwan Shree 1931-1990  |a Ošo 1931-1990 
245 1 0 |a Behind a thousand names  |b talks on the great Nirvana Upanishad  |c Osho 
250 |a 1. ed. 
264 1 |a Pune, India  |b Rebel Pub. House  |c 1996 
300 |a XI, 372 S.  |b Ill. 
336 |a Text  |b txt  |2 rdacontent 
337 |a ohne Hilfsmittel zu benutzen  |b n  |2 rdamedia 
338 |a Band  |b nc  |2 rdacarrier 
583 1 |a Archivierung prüfen  |c 20200919  |f DE-640  |z 1  |2 pdager 
583 1 |a Archivierung/Langzeitarchivierung gewährleistet  |f SSG  |x XA-DE-BW  |2 pdager  |5 DE-21 
601 |a Nirvana 
601 |a Upanishaden 
689 0 0 |d u  |0 (DE-588)4503967-7  |0 (DE-627)702694827  |0 (DE-576)213002655  |a Nirvaṇa-upaniṣad  |2 gnd 
689 0 |5 (DE-627) 
935 |a mteo 
951 |a BO 
ELC |b 1 
ITA |a 1  |t 1 
LOK |0 000 xxxxxcx a22 zn 4500 
LOK |0 001 3135723704 
LOK |0 003 DE-627 
LOK |0 004 160834259X 
LOK |0 005 20130326171533 
LOK |0 008 000131||||||||||||||||ger||||||| 
LOK |0 040   |a DE-21  |c DE-627  |d DE-21 
LOK |0 852   |a DE-21 
LOK |0 852 1  |c 39 A 15083  |9 00 
LOK |0 935   |a theo  |a sued  |a theo 
LOK |0 936ln  |a s16.4 
LOK |0 936ln  |a t13 
LOK |0 939   |a 31-01-00  |b l01 
ORI |a SA-MARC-ixtheoa001.raw 
REL |a 1 
SUB |a REL 
SYG 0 0 |a Nirvanopanishad,Nirvāṇopaniṣad,Nirvāṇa-Upaniṣad,Nirvāṇa Upaniṣad